Panorama geoétnico de las artesanías en el Estado de Hidalgo / (Record no. 65810)

MARC details
000 -LEADER
fixed length control field 00446cam a2200157 4500
008 - FIXED-LENGTH DATA ELEMENTS--GENERAL INFORMATION
fixed length control field 1985 a spa
050 #4 - LIBRARY OF CONGRESS CALL NUMBER
Classification number HD2346
Item number P35 1985
245 #0 - TITLE STATEMENT
Title Panorama geoétnico de las artesanías en el Estado de Hidalgo /
Statement of responsibility, etc Gobierno del Estado de Hidalgo.
260 #e - PUBLICATION, DISTRIBUTION, ETC. (IMPRINT)
Date of publication, distribution, etc 1985
300 ## - PHYSICAL DESCRIPTION
Extent 186 p. ;
Dimensions 30 cm.
500 ## - GENERAL NOTE
General note 1 ejemplar
650 #4 - SUBJECT ADDED ENTRY--TOPICAL TERM
Topical term or geographic name as entry element Artesanos
General subdivision Hidalgo
942 ## - ADDED ENTRY ELEMENTS (KOHA)
Source of classification or shelving scheme Biblioteca del Cogreso de los Estados Unidos
Koha item type Libro
Holdings
Estado de pérdida Fuente de clasificación Estado del daño No para préstamo Ubicación permanente Ubicación actual Apartado o colección Fecha de adquisición Edición Dependencia de educación superior (DES) Área del conocimiento Clasificación Código de Barras Date last seen Número de copia Tipo de recurso
  Biblioteca del Cogreso de los Estados Unidos     Biblioteca del Instituto de Investigaciones Históricas Biblioteca del Instituto de Investigaciones Históricas General 22/08/2018 1a ed. Humanidades Ciencias Sociales y Administrativas HD2346 P35 1985 IIH000025118 22/08/2018 C:1 Libro